000 00661nam a2200193 i 4500
001 189399
003 ES-MaACL
005 20250628054120.0
008 190530s1988 sp a |||| | spa d
020 _a84-85807-26-X
100 1 _aYeste, Delfín.
_9167155
245 1 0 _aComo tibios pájaros en el columpio /
_cDelfín Yeste.
260 _aSanta Cruz de la Palma :
_bPilar Rey,
_c[1988]
300 _a[2] p., [24] h. :
_bil. col. ;
_c22 cm.
599 _aIlustrado por el autor
852 _aES-MaACL
_cDEPO2
_gDedicatoria autógr. del autor a José Prat
_hDonat. herederos José Prat
_jL-32406
942 _2udc
_cMONOGRAFIA
_n0
999 _c189399
_d189399